000 00375nam a2200145Ia 4500
008 230917s9999||||xx |||||||||||||| ||und||
040 _e104451
_aMAIN
041 _aEnglish
082 _a320.503 G231R
100 _aGaba, Om Perkash
245 0 _aRajnitik vichar vishwakosh
260 _aNew Delhi
_bNational Publishing house
_c2002
300 _axii,379p p.
942 _cBK
999 _c119542
_d119542